Wszystkie miasta w województwie zachodniopomorskim - Statystyki

Ogólne statystyki
  • Ten quiz został rozwiązany 311 razy
  • Średni wynik to 33 z 66
Statystyki odpowiedzi
Liczba ludności Miasto % Poprawnych
402 100 Szczecin
99%
107 225 Koszalin
93%
46 568 Kołobrzeg
92%
40 883 Świnoujście
91%
68 195 Stargard
85%
40 336 Szczecinek
82%
33 152 Police
81%
5417 Międzyzdroje
74%
22 553 Goleniów
73%
21 393 Gryfino
72%
24 368 Białogard
71%
16 600 Gryfice
71%
25 801 Wałcz
69%
8868 Kamień Pomorski
67%
13 935 Darłowo
65%
11 750 Drawsko Pomorskie
65%
15 352 Choszczno
64%
10 299 Łobez
63%
2937 Mielno
63%
12 709 Pyrzyce
63%
12 590 Sławno
63%
11 328 Myślibórz
62%
16 773 Nowogard
61%
15 725 Świdwin
59%
4859 Wolin
57%
13 853 Barlinek
51%
2708 Dziwnów
49%
10 119 Trzebiatów
49%
13 068 Złocieniec
49%
4061 Bobolice
48%
7155 Czaplinek
46%
8307 Połczyn-Zdrój
46%
13 137 Dębno
45%
1192 Nowe Warpno
45%
2171 Biały Bó
44%
1625 Cedynia
44%
7421 Chojna
43%
4375 Kalisz Pomorski
43%
3998 Płoty
42%
5958 Karlino
40%
4905 Borne Sulinowo
39%
1980 Ińsko
39%
2964 Recz
39%
6621 Sianów
38%
2324 Dobra
37%
4263 Resko
37%
3167 Chociwel
36%
2280 Drawno
36%
3064 Mirosławiec
36%
2946 Polanów
36%
2709 Golczewo
31%
4007 Lipiany
31%
2383 Trzcińsko-Zdrój
31%
2518 Tychowo
30%
3742 Barwice
29%
2363 Człopa
28%
3377 Maszewo
28%
3713 Mieszkowice
28%
1600 Moryń
28%
1454 Suchań
28%
2883 Węgorzyno
28%
2410 Gościno
27%
2463 Stepnica
27%
2344 Dobrzany
26%
2621 Pełczyce
24%
1938 Tuczno
23%
Nie znaleziono quizów pasujących do podanych kryteriów
Rozkład punktacji
Procent ludzi z każdym wynikiem
Percentyl według liczby udzielonych odpowiedzi
Twoja historia wyników
Nie rozwiązałeś tego quizu